[Event "CFriend RI-2004-0-00019 email"]
[Site "Chessfriend.com"]
[Date "2004.03.27"]
[Round "?"]
[White "Pott, Brian"]
[Black "Neagoe, Colin"]
[Result "1-0"]
[WhiteElo "1611"]
[BlackElo "1883"]
[PlyCount "35"]
[EventDate "2004.??.??"]
[EventType "tourn (corr)"]
[EventRounds "6"]
[SourceTitle "Corr 2008"]
[Source "ChessBase"]
[SourceDate "2008.06.24"]
[SourceVersion "1"]
[SourceVersionDate "2008.06.24"]
[SourceQuality "1"]

1. e4 c5 2. Nf3 d6 3. Bb5+ Bd7 4. Bxd7+ Qxd7 5. 0-0 Nc6 6. c3 d5 7. exd5 Qxd5 8. d4 e6 9. Be3 cxd4 10. Nxd4 Nf6 11. Nd2 Bc5 12. N2b3 Bb6 13. Qe2 Nxd4 14. Nxd4 0-0 15. a4 Rfd8 16. a5 Bc5 17. b4 Bd6 18. a6 1-0

[Event "IECG CB.2004.0.00110 email"]
[Site "IECG email"]
[Date "2004.03.24"]
[Round "?"]
[White "Bourgoin, Claude"]
[Black "Neagoe, Colin"]
[Result "1-0"]
[WhiteElo "1879"]
[BlackElo "1800"]
[PlyCount "25"]
[EventDate "2004.03.24"]
[EventType "tourn (corr)"]
[EventRounds "6"]
[SourceTitle "Corr 2024"]
[Source "ChessBase"]
[SourceDate "2023.10.19"]
[SourceVersion "1"]
[SourceVersionDate "2023.10.19"]
[SourceQuality "1"]

1. Nf3 Nf6 2. e3 d5 3. c4 g6 4. cxd5 Nxd5 5. e4 Nb6 6. d4 Bg7 7. Be3 0-0 8. Be2 Nc6 9. Nc3 Bg4 10. d5 Na5 11. Bd4 Bxf3 12. Bxf3 Bxd4 13. Qxd4 1-0

[Event "IECG CB.2004.0.00110 email"]
[Site "IECG email"]
[Date "2004.03.24"]
[Round "?"]
[White "Neagoe, Colin"]
[Black "Huerga, Jorge Hugo"]
[Result "0-1"]
[WhiteElo "1800"]
[BlackElo "1831"]
[PlyCount "24"]
[EventDate "2004.03.24"]
[EventType "tourn (corr)"]
[EventRounds "6"]
[SourceTitle "Corr 2024"]
[Source "ChessBase"]
[SourceDate "2023.10.19"]
[SourceVersion "1"]
[SourceVersionDate "2023.10.19"]
[SourceQuality "1"]

1. e4 e5 2. Nf3 Nc6 3. Bb5 a6 4. Ba4 Nf6 5. 0-0 Be7 6. Re1 0-0 7. Bxc6 dxc6 8. Nxe5 Re8 9. d4 Bd6 10. Nc3 Bxe5 11. dxe5 Qxd1 12. Rxd1 Ng4 0-1

[Event "IECG RI.2003.0.00014 email"]
[Site "IECG email"]
[Date "2003.11.18"]
[Round "?"]
[White "Malmstroem, Jan"]
[Black "Neagoe, Colin"]
[Result "1-0"]
[WhiteElo "1861"]
[BlackElo "1800"]
[PlyCount "93"]
[EventDate "2003.11.18"]
[EventType "tourn (corr)"]
[EventRounds "6"]
[SourceTitle "Corr 2008"]
[Source "ChessBase"]
[SourceDate "2008.06.24"]
[SourceVersion "1"]
[SourceVersionDate "2008.06.24"]
[SourceQuality "1"]

1. e4 c5 2. Nf3 d6 3. d4 cxd4 4. Nxd4 Nf6 5. Nc3 g6 6. Be3 Bg7 7. f3 Nc6 8. Qd2 0-0 9. 0-0-0 Be6 10. Kb1 Nxd4 11. Bxd4 Rc8 12. g4 Nd7 13. Bxg7 Kxg7 14. Qd4+ Kg8 15. Qxa7 Rxc3 16. bxc3 Qc7 17. Qa3 Nb6 18. c4 Ra8 19. Qc3 Qc5 20. Qd4 Qa5 21. h4 Qxa2+ 22. Kc1 Nxc4 23. Bxc4 Bxc4 24. Kd2 Qa5+ 25. Ke3 Rc8 26. Ra1 Ba2 27. Rh2 b5 28. Qb2 Qb6+ 29. Kd2 Bc4 30. h5 g5 31. Qc3 Be6 32. Qb2 d5 33. h6 f6 34. e5 d4 35. exf6 exf6 36. Re2 b4 37. Re4 Rd8 38. Rae1 Bf7 39. R1e2 Qc5 40. Ke1 Bg6 41. Qb3+ Kh8 42. Re7 Qd6 43. Qe6 Qg3+ 44. Rf2 Qg1+ 45. Rf1 Qg3+ 46. Kd1 Qxf3+ 47. Rxf3 1-0

[Event "IECG RI.2003.0.00014 email"]
[Site "IECG email"]
[Date "2003.11.18"]
[Round "?"]
[White "Neagoe, Colin"]
[Black "Lin, Yu"]
[Result "0-1"]
[WhiteElo "1800"]
[BlackElo "1810"]
[PlyCount "46"]
[EventDate "2003.11.18"]
[EventType "tourn (corr)"]
[EventRounds "6"]
[SourceTitle "Corr 2008"]
[Source "ChessBase"]
[SourceDate "2008.06.24"]
[SourceVersion "1"]
[SourceVersionDate "2008.06.24"]
[SourceQuality "1"]

1. e4 e5 2. Nf3 Nc6 3. Bc4 Nf6 4. Ng5 d5 5. exd5 Na5 6. Bb5+ c6 7. dxc6 bxc6 8. Qf3 Be7 9. Bxc6+ Nxc6 10. Qxc6+ Bd7 11. Qc4 0-0 12. Nc3 Rc8 13. Qd3 h6 14. Nge4 Nxe4 15. Qxe4 Bc6 16. Qe3 Bc5 17. Qh3 Re8 18. 0-0 Re6 19. d3 Rg6 20. Ne4 Bd7 21. Qh5 Bd4 22. Qe2 Bg4 23. Qd2 f5 0-1

[Event "IECG CB.2003.0.00098 email"]
[Site "IECG email"]
[Date "2003.11.02"]
[Round "?"]
[White "Neagoe, Colin"]
[Black "Bozilov, Novica"]
[Result "1-0"]
[WhiteElo "1800"]
[BlackElo "1849"]
[PlyCount "25"]
[EventDate "2003.11.02"]
[EventType "tourn (corr)"]
[EventRounds "6"]
[SourceTitle "Corr 2008"]
[Source "ChessBase"]
[SourceDate "2008.06.24"]
[SourceVersion "1"]
[SourceVersionDate "2008.06.24"]
[SourceQuality "1"]

1. d4 e6 2. c4 f5 3. Nc3 Nf6 4. Nf3 d5 5. Bg5 c6 6. e3 Bd6 7. Ne5 Nbd7 8. f4 0-0 9. Rc1 Qa5 10. Qd2 Bb4 11. a3 Bxc3 12. Qxc3 Qxc3+ 13. Rxc3 1-0

[Event "IECG CB.2003.0.00098 email"]
[Site "IECG email"]
[Date "2003.11.02"]
[Round "?"]
[White "Zamora, Sammy"]
[Black "Neagoe, Colin"]
[Result "0-1"]
[WhiteElo "1850"]
[BlackElo "1800"]
[PlyCount "46"]
[EventDate "2003.11.02"]
[EventType "tourn (corr)"]
[EventRounds "6"]
[SourceTitle "Corr 2008"]
[Source "ChessBase"]
[SourceDate "2008.06.24"]
[SourceVersion "1"]
[SourceVersionDate "2008.06.24"]
[SourceQuality "1"]

1. d4 d5 2. c4 c6 3. Nf3 Nf6 4. e3 Bf5 5. Nc3 e6 6. Bd3 Bxd3 7. Qxd3 Nbd7 8. 0-0 Bb4 9. Bd2 a5 10. Ne2 0-0 11. cxd5 exd5 12. Bxb4 axb4 13. Qb3 Qe7 14. Nf4 b6 15. Rfc1 Rfc8 16. Rc2 Qd6 17. Nh4 g6 18. Nf3 c5 19. Rcc1 c4 20. Qc2 Rc7 21. Ng5 Kg7 22. Qb1 Rca7 23. Ne2 b5 0-1